| 000 | 00669na a2200217 4500 | ||
|---|---|---|---|
| 001 | 19204 | ||
| 003 | MIRAKIL | ||
| 005 | 20181213154918.0 | ||
| 008 | 161209b tu 000 0 | ||
| 020 | _a9759697416 | ||
| 040 |
_aMilas _btur _cTR-AnCHP |
||
| 041 | _atur | ||
| 082 |
_a353.0312 _bC85 1999 |
||
| 090 | _a353.0312 C85 1999 | ||
| 245 | _aCumhurbaşkanı Sayın Süleyman Demirel'in Türkiye Büyük Millet Meclisi'nde yaptığı konuşmalar (1993-1999) | ||
| 260 |
_aAnkara _b[Cumhurbaşkanlığı] _c1999 |
||
| 300 |
_a277 s. _bres. _c30 sm. |
||
| 600 |
_aDemirel, Süleyman _xKonuşmalar |
||
| 650 |
_aCumhurbaşkanları _xKonuşmalar |
||
| 942 |
_2dcc _cBKS |
||
| 999 |
_c3047 _d3047 |
||